| 000 | 006330000a22001930004500 | ||
|---|---|---|---|
| 999 |
_c54231 _d54231 |
||
| 001 | 768714001 | ||
| 003 | CO-MdFUSB | ||
| 005 | 20170819123517.0 | ||
| 008 | 170819s2001 xxu||||| |||| 00| 0 eng d | ||
| 022 | _a0098-9444 | ||
| 040 |
_aCO-MdFUSB _bspa _cCO-MdFUSB _dCO-MdFUSB |
||
| 041 | _aeng | ||
| 100 | 1 |
_aGill, Dan (1954- ) _eautor |
|
| 245 | 1 | 0 |
_aIt's a natural : _bmasada ramp was not a Roman engineering miracle |
| 300 |
_aVolumen 27. Número 4 (2001), Páginas 22-31 _c28 cm. |
||
| 546 | _aTexto en inglés | ||
| 773 | 0 |
_tBiblical Archaeology Review _049395 _959466 _gVolumen 27. Número 4 (2001), -31 _qPágina 22 |
|
| 942 | _cANA | ||